Southville International School and Colleges
Your cart is empty.
  • Cart
  • Lists
    Public lists Eva Luna New books Lux_list list_1
    Your lists Log in to create your own lists
  • Log in to your account
  • Your cookies
  • Search history
Southville International School and Colleges
  • Advanced search
  • Recent comments
  • Most popular
  • Libraries

Log in to your account

Log in with GOOGLE


If you do not have an external account, but do have a local account, you can still log in:

  1. Home
  2. MARC view: Krause's food & nutrition therapy /
Normal view MARC view ISBD view

Krause's food & nutrition therapy / (Record no. 15529)

[ view plain ]
MARC details
000 -LEADER
fixed length control field 01248cam a22003854a 4500
001 - CONTROL NUMBER
control field 15131760
003 - CONTROL NUMBER IDENTIFIER
control field OSt
005 - DATE AND TIME OF LATEST TRANSACTION
control field 20140311161018.0
008 - FIXED-LENGTH DATA ELEMENTS--GENERAL INFORMATION
fixed length control field 080108s2008 paua b 001 0 eng
010 ## - LIBRARY OF CONGRESS CONTROL NUMBER
LC control number 2008270160
020 ## - INTERNATIONAL STANDARD BOOK NUMBER
International Standard Book Number 9812591001
040 ## - CATALOGING SOURCE
Original cataloging agency DLC
Transcribing agency DLC
Modifying agency DLC
042 ## - AUTHENTICATION CODE
Authentication code pcc
050 00 - LIBRARY OF CONGRESS CALL NUMBER
Classification number RM 216
Item number .K868 2004
245 00 - TITLE STATEMENT
Title Krause's food & nutrition therapy /
Statement of responsibility, etc [edited by] L. Kathleen Mahan, Sylvia Escott-Stump.
246 30 - VARYING FORM OF TITLE
Title proper/short title Food & nutrition therapy
246 3# - VARYING FORM OF TITLE
Title proper/short title Food and nutrition therapy
250 ## - EDITION STATEMENT
Edition statement 11th ed.
260 ## - PUBLICATION, DISTRIBUTION, ETC. (IMPRINT)
Place of publication, distribution, etc St. Louis, Mo. :
Name of publisher, distributor, etc Saunders/Elsevier,
Date of publication, distribution, etc 2004.
300 ## - PHYSICAL DESCRIPTION
Extent xxiv, 1352 p. :
Other physical details ill. (some col.) ;
Dimensions 29 cm.
500 ## - GENERAL NOTE
General note Originally published: Krause's food, nutrition & diet therapy. Philadelphia, Pa. : W.B. Saunders, 2003.
521 ## - TARGET AUDIENCE NOTE
Target audience note
650 #0 - SUBJECT ADDED ENTRY--TOPICAL TERM
Topical term or geographic name as entry element Diet therapy.
650 #0 - SUBJECT ADDED ENTRY--TOPICAL TERM
Topical term or geographic name as entry element Nutrition.
650 #0 - SUBJECT ADDED ENTRY--TOPICAL TERM
Topical term or geographic name as entry element Food.
700 1# - ADDED ENTRY--PERSONAL NAME
Personal name Mahan, L. Kathleen.
700 1# - ADDED ENTRY--PERSONAL NAME
Personal name Escott-Stump, Sylvia.
730 0# - ADDED ENTRY--UNIFORM TITLE
Uniform title Krause's food, nutrition & diet therapy.
906 ## - LOCAL DATA ELEMENT F, LDF (RLIN)
a 7
b cbc
c origcop
d 2
e ncip
f 20
g y-gencatlg
942 ## - ADDED ENTRY ELEMENTS (KOHA)
Source of classification or shelving scheme Library of Congress Classification
Koha item type Books
Call number prefix Foreign
Holdings
Withdrawn status Lost status Source of classification or shelving scheme Damaged status Home library Current library Shelving location Date acquired Total Checkouts Full call number Barcode Date last seen Copy number Price effective from Koha item type
    Library of Congress Classification   College Library College Library General Circulation Section 12/18/2013   RM 216 .K868 2004 C9681 05/15/2018 2 12/18/2013 Books
    Library of Congress Classification   College Library College Library General Circulation Section 12/18/2013   RM 216 .K868 2004 C9696 05/15/2018 3 12/18/2013 Books

Krause's food & nutrition therapy /

APA

Mahan L. K., Escott-Stump S., . (2004). Krause's food & nutrition therapy. St. Louis, Mo: Saunders/Elsevier.

Chicago

Mahan L Kathleen, Escott-Stump Sylvia, . 2004. Krause's food & nutrition therapy. St. Louis, Mo: Saunders/Elsevier.

Harvard

Mahan L. K., Escott-Stump S., . (2004). Krause's food & nutrition therapy. St. Louis, Mo: Saunders/Elsevier.

MLA

Mahan L Kathleen, Escott-Stump Sylvia, . Krause's food & nutrition therapy. St. Louis, Mo: Saunders/Elsevier. 2004.

  • Place hold
  • Print
  • Cite
  • Add to your cart (remove)
  • Save record
    BIBTEX Dublin Core MARCXML MARC (non-Unicode/MARC-8) MARC (Unicode/UTF-8) MARC (Unicode/UTF-8, Standard) MODS (XML) RIS
  • More searches
    Search for this title in:
    Other Libraries (WorldCat) Other Databases (Google Scholar) Online Stores (Bookfinder.com) Open Library (openlibrary.org)

Exporting to Dublin Core...

SOUTHVILLE LIBRARY

Southville International School and Colleges Library

1281 Tropical Ave. Cor. Luxembourg St., BF Homes International, Las Pinas City

Tel. No. 8256374 / 252358 Loc. 117/146

Powered by Koha